MARC

LEADER 00000nam^a2200000^a^4500
001 000184787
005 20250526000000.0
009 20260310102126.935
037 |a Acervo ITESO - Biblioteca 
041 |a ESP 
082 |a 720. 972  |b ZOH 
100 |a Zohn, Alejandro  |e (autor) 
245 1 0 |a Alejandro Zohn :  |b entorno e identidad /  |c A. Zohn. 
264 4 |a México :  |b Menhir Libros,  |c 1997, c1997 
300 |a 74 p. ;  |c 23.0 cm. 
336 |a texto  |b txt  |2 rdacontenido 
337 |a sin mediación  |b n  |2 rdamedio 
338 |a volumen  |b nc  |2 rdasoporte 
440 1 |a (Eslabones.  |p Arquitectura en Latinoamérica) 
545 0 |a Alejandro Zohn (Viena, 1930 - Guadalajara, 2000), arquitecto, ingeniero y académico emérito de la Academia Nacional de Arquitectura, cuyas obras se caracterizan por la innovación estructural, espacial y funcional, de materiales constructivos que requieren poco mantenimiento. Entre su extensa obra, dos en particular son frecuentemente citados en la crítica de la arquitectura: El Mercado Libertad (1959) y el edificio de los Archivos del Estado de Jalisco (1990). Ambas resultado de una rigurosa precisión técnica, de una comprensión plural del programa arquitectónico y de la idiosincrasia local; valores que mantuvo durante toda su vida. Está también su aporte en materia de vivienda, con creaciones arquitectónicas que huyen de la monotonía y la deshumanización, mostrando su sabiduría para hacer de una casa un hogar: Ejemplos representativos de ello son los Apartamentos Yuca, el Internado Cervantes, la Unidad Flores Magón, la CTM en Atemajac, el condominio Neruda, las Viviendas Mar del Sur y el condominio horizontal de Alberta. Ganador de varias medallas de oro y premios de arquitectura mexicana. 
649 |a XX 
650 |a Ingenieros Jaliscienses 
650 |a Ingenieros Mexicanos 
650 |a Arquitectos Jaliscienses 
650 |a Arquitectos Mexicanos 
650 |a Artistas Jaliscienses 
650 |a Artistas Mexicanos 
650 |a Arquitectura Moderna -  |z Guadalajara, Jalisco 
650 |a Arquitectura Moderna -  |z Jalisco 
650 |a Arquitectura Moderna -  |z México 
650 |a Arquitectura Jalisciense -  |y Siglo XX 
650 |a Arquitectura Jalisciense -  |x Historia y Crítica 
650 |a Arquitectura Mexicana -  |y Siglo XX 
650 |a Arquitectura Mexicana -  |x Historia y Crítica 
650 |a Arte Moderno -  |z Guadalajara, Jalisco 
650 |a Arte Moderno -  |z Jalisco 
650 |a Arte Moderno -  |z México 
650 |a Arte Jalisciense -  |y Siglo XX 
650 |a Arte Jalisciense -  |x Historia y Crítica 
650 |a Arte Mexicano -  |y Siglo XX 
650 |a Arte Mexicano -  |x Historia y Crítica 
650 |a Zohn, Alejandro -  |x Tema Principal 
910 |a Fondo Julio de la Peña Lomelín 
920 |a Impresos - Libros 
930 |a Libros Antiguos y Raros 
940 |a Arquitectos Jaliscienses 
905 |a 108 
901 |a 0500125844  |b IT2  |c LRA  |u 20250526 
902 |a https://opac.biblio.iteso.mx/vufind/Record/000184787